| 000 | 00333nam a22001337a 4500 | ||
|---|---|---|---|
| 020 | _a01-10000-160205 | ||
| 082 |
_a894.812 _bGUR/N |
||
| 100 | _aR.RAJEEV GURUKKAL | ||
| 245 | _aNADUVEDANAYIL NINNUM PIDALIVEDANAYILNINNUM MOCHANAM | ||
| 260 |
_aTHRISSUR _bH & C BOOKS _c2005 |
||
| 300 | _a96 | ||
| 650 |
_aHEALTHCARE _zKERALA |
||
| 942 | _cBK | ||
| 999 |
_c986 _d986 |
||